000 00302nam a22001337a 4500
008 171002b xxu||||| |||| 00| 0 eng d
020 _a9781599237299
041 _aeng
080 _a37
100 _a47
101 _aEDU
245 _aTHE SKINNY ON COLEEGE SUCCESS
_cPARKER.A.E
942 _2udc
_cBK
999 _c31065
_d31065